Statistiche per Top 10 Città più popolose Provincia di Caserta

Clicka qui per fare il quiz!

Statistiche generali

  • Questo quiz è stato fatto 5 volte
  • Il punteggio medio è 8 su 10

Statistiche sulle risposte

Popolazione (ab.)Città% Corretto
54 830Aversa
100%
78 640Caserta
100%
22 882Castel Volturno
100%
39 409Maddaloni
100%
40 297Marcianise
100%
27 070Mondragone
100%
32 503Santa Maria Capua Vetere
100%
22 216Sessa Aurunca
100%
21 157San Nicola la Strada
20%
24 796Orta di Atella
0%

Distribuzione punteggi

Percentile per numero di risposta

Percentuale di utenti per punteggio

I tuoi punteggi nel tempo

Non hai fatto questo quiz